Welcome to CU Library Online Public Access Catalogue (OPAC)

Understanding psychology / (Record no. 31)

MARC details
000 -LEADER
fixed length control field 00621pam a2200205 a 4500
001 - CONTROL NUMBER
control field 711122
005 - DATE AND TIME OF LATEST TRANSACTION
control field 20240829121026.0
008 - FIXED-LENGTH DATA ELEMENTS--GENERAL INFORMATION
fixed length control field 971106s1999 maua b 001 0 eng
020 ## - INTERNATIONAL STANDARD BOOK NUMBER
International Standard Book Number 9780072891461
050 00 - LIBRARY OF CONGRESS CALL NUMBER
Classification number BF121
Item number .F34 1999
082 00 - DEWEY DECIMAL CLASSIFICATION NUMBER
Classification number 150
Edition information 21
100 1# - MAIN ENTRY--PERSONAL NAME
Personal name Feldman, Robert S.
Fuller form of name (Robert Stephen),
Dates associated with a name 1947-
245 10 - TITLE STATEMENT
Title Understanding psychology /
Statement of responsibility, etc. Robert S. Feldman.
250 ## - EDITION STATEMENT
Edition statement 5th ed.
260 ## - PUBLICATION, DISTRIBUTION, ETC.
Place of publication, distribution, etc. Boston :
Name of publisher, distributor, etc. McGraw-Hill College,
Date of publication, distribution, etc. c1999.
300 ## - PHYSICAL DESCRIPTION
Extent xxvi, 774 p. :
Other physical details ill. (chiefly col.) ;
Dimensions 28 cm.
500 ## - GENERAL NOTE
General note "International edition"--T.p. verso.
650 #0 - SUBJECT ADDED ENTRY--TOPICAL TERM
Topical term or geographic name entry element Psychology
Form subdivision Textbooks.
942 ## - ADDED ENTRY ELEMENTS (KOHA)
Source of classification or shelving scheme Library of Congress Classification
Koha item type Books
Suppress in OPAC No
999 ## -
-- 31
-- 31
Holdings
Withdrawn status Lost status Source of classification or shelving scheme Damaged status Not for loan Collection Home library Current library Shelving location Date acquired Total checkouts Full call number Barcode Date last seen Copy number Price effective from Koha item type
    Library of Congress Classification     Non-fiction Business Library (Miotso) Business Library (Miotso) General stacks 08/29/2024   BF121 FEL bssm00000013 08/29/2024 1 08/29/2024 Books
© 2023-2024 Copyright: Central University Libraries. All Rights Reserved | Created by: Mahone Tech Office